000 00559nam a2200181 i 4500
001 37397
003 ES-MaACL
005 20230906155551.0
007 t|
008 030221s1963 sp ||||1| spa d
100 1 _aBuescher, Gustav.
_9181716
245 1 0 _aElectrónica en imágenes /
_cpor Gustav Büscher ; traducción por José María Vidal Llenas.
260 _aBarcelona, etc. :
_bLabor,
_c1963.
300 _a228 p. :
_bil. ;
_c26 cm.
700 1 _aVidal Llenas, José María.
_9114499
852 _aES-MaACL
_jC-23997
_bR.52960
999 _c37397
_d37397